[Event "XVI Festival"]
[Site "Porto San Giorgio ITA"]
[Date "2004.08.27"]
[Round "7"]
[White "Ortega, Lexy"]
[Black "Czebe, Attila"]
[Result "0-1"]
[WhiteElo "2430"]
[BlackElo "2481"]
[PlyCount "52"]
[EventDate "2004.08.21"]

1. d4 Nf6 2. Nf3 e6 3. Bf4 c5 4. e3 Qb6 5. Nc3 cxd4 6. exd4 a6 7. a3 d6 8. Bd3
Bd7 9. O-O Qxb2 10. Qe1 Qb6 11. d5 Be7 12. dxe6 fxe6 13. Ng5 e5 14. Be3 Qc7 15.
f4 $5 Nc6 16. Bc4 Nd8 17. Bb3 Rc8 18. fxe5 dxe5 19. Na4 $5 h6 20. Bb6 $1 Qd6
21. Rd1 Qxa3 22. Rxf6 $5 gxf6 23. Qe4 $4 hxg5 $1 24. Qg6+ Kf8 25. Bxd8 Be8 $1
26. Bxe7+ Qxe7 $3 0-1